00381nam a2200109Ia 4500008004100000082001800041100002300059245002900082260004300111952010000154999001700254120224s9999 xx 000 0 und d aPC 100bRUS  aRussell, Bertrand  aProblems of philosophy  bWilliams and Norgate aLondon c1919 00104070aNEHUbNEHUd2012-03-06l0oPC 100 RUS pB1227r2012-03-06 00:00:00w2012-03-06yBK c99479d99479